000 01074nam a2200289 a 4500
003 MX-MxUPN
005 20231128063932.0
008 200212s2011 mx a rb 000 0 spa d
020 _a9786070218040
035 _aUPN01000235497
040 _aMX-MxUPN
_bspa
_cMX-MxUPN
041 0 _aspa
050 1 4 _aF1219.1 M5.3
_bN3.8
100 1 _aNavarrete Linares, Federico,
_d1964-
_931714
245 1 4 _aLos orígenes de los pueblos indígenas del Valle de México :
_blos altépetl y sus historias
250 _aPrimera edición.
260 _aCiudad de México :
_bUNAM, Instituto de Investigaciones Históricas,
_c2011
300 _a546 páginas :
_bilustraciones.
490 0 _aSerie Cultura náhuatl. Monografías ;
_v33
504 _aIncluye referencias bibliográficas.
530 _aTambién disponible en línea.
650 4 _aIndígenas de México
_xHistoria
_912765
650 7 _aNahuas
_xHistoria
_2
_918094
856 4 1 _uhttps://www.historicas.unam.mx/publicaciones/publicadigital/libros/origenes/origenespueblos.html
905 _aLibro
999 _c207592
_d207592